Diagnostic procedures for finfish diseasea (Record no. 8883)

000 -LEADER
fixed length control field 00241nam a22001097a 4500
040 ## - CATALOGING SOURCE
Transcribing agency SK
082 ## - DEWEY DECIMAL CLASSIFICATION NUMBER
Classification number 171
100 ## - MAIN ENTRY--AUTHOR NAME
Personal name KAMONPORN TONGUHAI
245 ## - TITLE STATEMENT
Title Diagnostic procedures for finfish diseasea
260 ## - PUBLICATION, DISTRIBUTION, ETC. (IMPRINT)
Place of publication THAILAND
Name of publisher KAM
Year of publication 1999
942 ## - ADDED ENTRY ELEMENTS (KOHA)
Koha item type សៀវភៅភាសាអង់គ្លេស
952 ## - LOCATION AND ITEM INFORMATION (KOHA)
Withdrawn status [LOCAL, KOHA] 0
Holdings
Permanent Location Date acquired Koha item type Lost status Shelving location Barcode Current Location Full call number
Library Block C2016-08-18សៀវភៅភាសាអង់គ្លេស C021RUA043369Library Block C171 KAM 1999 C021
មជ្ឈមណ្ឌលឯការនៃសាកលវិទ្យាល័យភូមិន្ទកសិកម្មចំការដូង

Powered by Koha